Представление документа в формате MARC21

Поле Инд. ПП Название Значение
Тип записи a
Библиографический уровень b
001 Контрольный номер DU/602855989
005 Дата корректировки 20250318111711.8
008 Кодируемые данные 20190124
040 b Код языка каталог. rus
e Правила каталог. PSBO
041 0_ a Код языка текста rus
084 a Индекс другой классификации/Индекс ББК 88.75; 88.929
100 1_ a Автор Покровская С. В.
q Полное имя Покровская Светлана Викторовна
100 1_ a Автор Цветков А. В.
q Полное имя Цветков Андрей Владимирович
245 10 a Заглавие О возможности нейропсихологического консультирования в формате телемедицины
504 a Библиография Библиогр.: с. 125
520 a Аннотация Нейропсихологическое консультирование детей на данный момент пользуется спросом взрывообразного роста числа детей с аномалиями психического развития. Однако в большинстве регионов России, даже в крупных городах, ощущается нехватка специалистов высокого уровня, что обучсловлено сравнительно недавним выходом нейропсихологии из единичных научных и практических центров в столицах в широкую практику. Существенное содействие и для практиков в регионах, и для родителей "особых" детей оказал бы переход крупных клинических центров на работу в формате телемедицины, то есть дистанционного консультирования. В настоящее время такие услуги в сфере нейропсихологии являются редкостью, т.к. нет ни понимания, какие пробы давать пациенту руками заботящихся о нем лиц, ни целевых ориентиров для нейропсихологической коррекции детей в целом. Целевыми мишенями, как считают авторы данной работы, являются: тонус (психический и мышечный), внимание (для детей 3-4 - ориентировка на стимул), переключения, кинестическая (афферентная) основа движений, пространственная ориентировка, предметный образ-представление, мышление и общение. Именно эти нейропсихологичексие факторы раскрываются предлагаемыми ими пробами для дистанстного консультирования
650 14 a Основная рубрика клиническая психология (медицинская психология)
a Основная рубрика нейропсихология
a Основная рубрика практическая психология (прикладная психология)
a Основная рубрика психологическое консультирование
a Основная рубрика психология
653 a Ключевые слова дистанционное консультирование
a Ключевые слова нейропсихологическое консультирование
a Ключевые слова нейропсихологическое обследование
a Ключевые слова психологическое консультирование
a Ключевые слова телемедицина
773 08 t Заглавие источника Психология. Историко-критические обзоры и современные исследования
d Дата издания источника 2018
g Прочая информация Т. 7, № 1А. - С. 119 - 127 : табл.
w Контрольный № источника DU/598461108
901 t Тип документа b